[Event "SLO-ch 29th"]
[Site "Radenci"]
[Date "2019.05.02"]
[Round "7"]
[White "Skalic, Aljaz"]
[Black "Kodric, Gasper"]
[Result "1-0"]
[WhiteElo "1923"]
[BlackElo "1427"]
[PlyCount "69"]
[EventDate "2019.04.27"]
[EventType "swiss"]
[EventRounds "9"]
[EventCountry "SLO"]
[SourceTitle "CBM 190 Extra"]
[Source "ChessBase"]
[SourceDate "2019.07.15"]
[SourceVersion "1"]
[SourceVersionDate "2019.07.15"]
[SourceQuality "1"]

1. d4 Nf6 2. c4 e6 3. Nc3 d5 4. cxd5 exd5 5. Bg5 Bb4 6. e3 c6 7. Bd3 h6 8. Bh4 Nbd7 9. Nge2 0-0 10. 0-0 Re8 11. Qc2 Qa5 12. Rad1 Bd6 13. Qc1 Qc7 14. h3 Ne4 15. f3 Ng3 16. Bxg3 Bxg3 17. e4 Nf6 18. e5 Nh5 19. Nxd5 Qd8 20. Ndc3 Bf4 21. Qc2 Qg5 22. g4 Be3+ 23. Kg2 Qh4 24. Bf5 Bf4 25. Bxc8 Raxc8 26. gxh5 Qg5+ 27. Kh1 Be3 28. Qe4 Re6 29. f4 Qxh5 30. Qxe3 f5 31. Rg1 c5 32. d5 Rxe5 33. fxe5 f4 34. Nxf4 Qh4 35. Qg3 1-0

[Event "SLO-ch 29th"]
[Site "Radenci"]
[Date "2019.04.29"]
[Round "4"]
[White "Urbanc, Tina"]
[Black "Skalic, Aljaz"]
[Result "1/2-1/2"]
[WhiteElo "1657"]
[BlackElo "1923"]
[PlyCount "53"]
[EventDate "2019.04.27"]
[EventType "swiss"]
[EventRounds "9"]
[EventCountry "SLO"]
[SourceTitle "CBM 190 Extra"]
[Source "ChessBase"]
[SourceDate "2019.07.15"]
[SourceVersion "1"]
[SourceVersionDate "2019.07.15"]
[SourceQuality "1"]

1. d4 Nf6 2. Nf3 d5 3. Bf4 c5 4. e3 e6 5. c4 cxd4 6. Nxd4 Bd6 7. Bxd6 Qxd6 8. Nc3 0-0 9. Be2 dxc4 10. Bxc4 Nc6 11. Nf3 Qe7 12. 0-0 b6 13. Qe2 Bb7 14. Rfd1 Rfd8 15. h3 h6 16. a3 Rxd1+ 17. Rxd1 Rd8 18. b4 Rd7 19. Rxd7 Qxd7 20. Qd3 Qxd3 21. Bxd3 Kf8 22. Kf1 Ke7 23. Ke2 Kd7 24. Kd2 Ke7 25. Ke2 Kd7 26. Kd2 Ke7 27. Ke2 1/2-1/2

[Event "SLO-chT2 East"]
[Site "Slovenia"]
[Date "2017.12.09"]
[Round "8"]
[White "Skalic, Aljaz"]
[Black "Bozic, Marjan"]
[Result "1-0"]
[WhiteElo "1987"]
[BlackElo "2061"]
[PlyCount "45"]
[EventDate "2017.09.30"]
[EventType "team-tourn"]
[EventRounds "9"]
[EventCountry "SLO"]
[SourceTitle "EXT 2019"]
[Source "ChessBase"]
[SourceDate "2018.10.10"]
[SourceVersion "1"]
[SourceVersionDate "2018.10.10"]
[SourceQuality "1"]

1. d4 Nf6 2. c4 g6 3. Nc3 d5 4. Nf3 Bg7 5. h4 b6 6. cxd5 Nxd5 7. h5 Nxc3 8. bxc3 c5 9. hxg6 hxg6 10. Rxh8+ Bxh8 11. Bf4 Nc6 12. e3 cxd4 13. cxd4 Qd5 14. Rc1 Bd7 15. Bc4 Qh5 16. Ke2 e5 17. dxe5 Rd8 18. Bg5 Qxg5 19. Nxg5 Bg4+ 20. f3 Rxd1 21. Kxd1 Bd7 22. Bxf7+ Ke7 23. e6 1-0

[Event "SLO-chT2 East"]
[Site "Slovenia"]
[Date "2017.10.15"]
[Round "3"]
[White "Skalic, Aljaz"]
[Black "Prevolsek, Miha"]
[Result "1-0"]
[WhiteElo "1987"]
[BlackElo "1833"]
[PlyCount "105"]
[EventDate "2017.09.30"]
[EventType "team-tourn"]
[EventRounds "9"]
[EventCountry "SLO"]
[SourceTitle "EXT 2019"]
[Source "ChessBase"]
[SourceDate "2018.10.10"]
[SourceVersion "1"]
[SourceVersionDate "2018.10.10"]
[SourceQuality "1"]

1. d4 Nf6 2. c4 g6 3. Nc3 d6 4. e4 Nc6 5. Nf3 Bg4 6. Be2 e5 7. d5 Ne7 8. Bg5 Bg7 9. h3 Bxf3 10. Bxf3 0-0 11. Qd2 a6 12. h4 Qd7 13. h5 b5 14. Bxf6 Bxf6 15. hxg6 fxg6 16. 0-0-0 Nc8 17. Rh3 g5 18. Rg3 h6 19. Bg4 Qe7 20. Rh1 Kg7 21. Rgh3 Rh8 22. Ne2 Qf8 23. Ng3 Ne7 24. Nh5+ Kg6 25. Rf3 Ng8 26. Bf5+ Kf7 27. Kb1 Re8 28. cxb5 axb5 29. Qa5 Re7 30. Qxb5 Qd8 31. Rc1 Kf8 32. Rc6 Qe8 33. g4 Rf7 34. Be6 Rhh7 35. Bxf7 Rxf7 36. Qb7 Bd8 37. Qb3 Ne7 38. Rcc3 Ng6 39. Rxf7+ Qxf7 40. Rf3 Nf4 41. Nxf4 exf4 42. a4 h5 43. gxh5 Qxh5 44. a5 Qh1+ 45. Ka2 Qe1 46. Qa4 c6 47. Rc3 Qxf2 48. Qxc6 Bf6 49. Qc8+ Kg7 50. Rc7+ Kg6 51. Qe8+ Kh6 52. Qf8+ Kg6 53. Qf7+ 1-0